Wahlkreise, die am meisten AfD gewählt haben - Statistiken

Allgemein
  • Dieses Quiz wurde 111 mal gespielt
    76 seit der letzten Aktualisierung
  • Das Durchschnittsergebnis liegt bei 11 aus 20
Antwortstatistiken
% Kandidat BL Wahlkreis % Korrekt
48,9 Tino Chrupalla SN Görlitz
79%
48,3 Karsten Hilse SN Bautzen I
77%
44,8 Stephan Brandner TH Gera – Greiz – Altenburger Land
71%
41,1 Ulrike Schielke-Ziesing MV Mecklenburgische Seenplatte II – Landkreis Rostock III
71%
44,2 Maximilian Krah SN Chemnitzer Umland – Erzgebirgskreis II
69%
46,6 Thomas Dietz SN Erzgebirgskreis I
69%
42,0 Lars Schieske BB Cottbus – Spree-Neiße
68%
45,2 Enrico Komning MV Mecklenburgische Seenplatte I – Vorpommern-Greifswald II
65%
49,1 Steffen Janich SN Sächsische Schweiz-Osterzgebirge
65%
42,1 Robert Teske TH Suhl – Schmalkalden-Meiningen – Hildburghausen – Sonneberg
60%
45,4 Carolin Bachmann SN Mittelsachsen
58%
45,3 Christian Reck SN Meißen
52%
43,8 René Bochmann SN Nordsachsen
47%
44,4 Martin Reichardt ST Burgenland – Saalekreis
45%
41,2 Marcus Bühl TH Gotha – Ilm-Kreis
42%
44,5 Michael Kaufmann TH Saalfeld-Rudolstadt – Saale-Holzland-Kreis – Saale-Orla-Kreis
42%
43,2 Jan Wenzel Schmidt ST Börde – Salzlandkreis
35%
43,8 Kay-Uwe Ziegler ST Mansfeld
29%
43,3 Mathias Weiser SN Vogtlandkreis
21%
43,0 Birgit Bessin BB Elbe-Elster – Oberspreewald-Lausitz
0%
Keine übereinstimmenden Quizze gefunden
Verteilung der Resultate
Anzahl Personen mit jedem Resultat
Perzentil nach korrekt beantworteten Fragen
Ihre Resultats-Entwicklung
Sie haben dieses Quiz seit der letzten Aktualisierung nicht gespielt